000 00866cam a2200301 4500
008 090401t1994 xxu||||| |||| 00| 0 eng d
020 _a0102132941
035 _a(Sirsi) u51136
041 _aeng
050 _a350.713
110 _aUnited Kingdom
_bNational Audit Office
_91350
245 _aReport by the Comptroller and Auditor General: property services in the English Occupied Royal Palaces...
260 _aLondon
_bHMSO
_c1994
300 _a52p. : ill. ; 30cm.
350 _a8.95
490 _aHCP
_v132
650 _aDEPARTMENT OF NATIONAL HERITAGE
650 _aENGLISH OCCUPIED ROYAL PALACES
650 _aFIRE PROTECTION
650 _aFIRE
650 _aProperty management
_96262
650 _aROYAL HOUSEHOLD
650 _aROYAL PALACES
650 _aWINDSOR CASTLE
690 _aCONSERVATION
942 _n0
948 _c04/03/1997
999 _c92826
_d92826